La dama de Coeur : La mujer fuerte. María Blanca-el vuelo nupcial. Diplomacia conguyal. /
Guardado en:
| Autor Principal: | |
|---|---|
| Formato: | Libro |
| Idioma: | Undetermined |
| Publicado: |
Buenos Aires :
La cultura argentina,
1925.
|
| Materias: | |
| Etiquetas: |
Agregar Etiqueta
Sin Etiquetas, Sea el primero en etiquetar este registro!
|
| LEADER | 00603nam a22001695a 4500 | ||
|---|---|---|---|
| 001 | EHU.bham045947 | ||
| 005 | 20111229102403.0 | ||
| 008 | 110406s1925####ag############000#0#und#d | ||
| 100 | 1 | |a Iglesias Paz, César. | |
| 245 | 0 | 0 | |a La dama de Coeur : |b La mujer fuerte. María Blanca-el vuelo nupcial. Diplomacia conguyal. / |c César Iglesias Paz. |
| 260 | |a Buenos Aires : |b La cultura argentina, |c 1925. | ||
| 300 | |a 187 p. | ||
| 653 | |a Teatro argentino | ||
| 653 | |a Obras de teatro | ||
| 653 | |a Costumbrismo | ||
| 653 | |a Colección Lejarraga | ||
| 859 | |a AR-BHAM |b BIB. HUMANIDADES - Donacion Lejarraga |h MFN000166 |p 000166.19 | ||
